000 00378nam a2200145Ia 4500
008 230917s9999||||xx |||||||||||||| ||und||
040 _e160047
_aMAIN
041 _aEnglish
082 _a647.94 G795H
100 _aGray, William S
245 0 _aHotel and motel management and operations
260 _aEnglewood Cliffs
_bPrentice-Hall
_c1994
300 _a346 p.
942 _cBK
999 _c135852
_d135852